| 000 | 00518nam a22001817a 4500 | ||
|---|---|---|---|
| 003 | OSt | ||
| 005 | 20250818105407.0 | ||
| 008 | 250818b |||||||| |||| 00| 0 eng d | ||
| 022 | _a9981460265 | ||
| 040 |
_aASTL _beng _cASTL |
||
| 100 |
_aLe vingtieme anniversaire de I Academie _9818005 |
||
| 245 |
_aLa Pensee De Hassan II: _bAuthenticite et renouveau |
||
| 260 |
_aRabat : _bLe vingtieme anniversaire de I Academie, _c2000. |
||
| 300 | _a338p. | ||
| 490 | _vII | ||
| 650 | _2South Africa | ||
| 942 |
_2CC _cTEXL _n0 |
||
| 999 |
_c1434780 _d1434780 |
||